| 000 | 01170cam a22003134a 4500 | ||
|---|---|---|---|
| 001 | 17264998 | ||
| 003 | NUST - PNEC | ||
| 005 | 20170116181159.0 | ||
| 008 | 120420s2012 nyua b 001 0 eng | ||
| 010 | _a 2012010158 | ||
| 020 | _a9780062061928 (hardback) | ||
| 040 | _cLIBRARY | ||
| 042 | _apcc | ||
| 043 | _azsu---- | ||
| 050 | 0 | 0 |
_aQB524 _b.J67 2012 |
| 082 | 0 | 0 |
_a551.5/271 JOS _223 |
| 084 |
_aSCI019000 _aREL000000 _2bisacsh |
||
| 100 | 1 | _aJoseph, Lawrence E. | |
| 245 | 1 | 0 |
_aSolar cataclysm : _bhow the sun shaped the past and what we can do to save our future / _cLawrence E. Joseph. |
| 250 | _a1st ed. | ||
| 260 |
_aNew York, NY : _bHarperOne, _cc2012. |
||
| 300 |
_a280 p. : _bill. ; _c24 cm. |
||
| 504 | _aIncludes bibliographical references (p. [259]-268) and index. | ||
| 650 | 0 |
_aSolar activity. _xEE |
|
| 856 | _uhttp://www.amazon.com/Solar-Cataclysm-Shaped-Past-Future/dp/0062061925/ref=sr_1_1?s=books&ie=UTF8&qid=1454565010&sr=1-1&keywords=9780062061928 | ||
| 906 |
_a7 _bcbc _corignew _d1 _eecip _f20 _gy-gencatlg |
||
| 942 |
_2ddc _cBK |
||
| 999 |
_c71382 _d71382 |
||